000 01047nac a22002897a 4500
001 BR8100642
003 BR-BrBNA
005 20240105114909.0
008 230509b bl.|||m| |||| 00| 0 por d
040 _aBR-BrBNA
_bpor
_cBiblioteca Nacional de Agricultura
072 _aH10
090 _a0336 BR8100642
100 1 _aMenschoy, A.B.
110 1 _aUnidade de Execucao de Pesquisa de Ambito Estadual de Pelotas, RS (Brasil)
_910370
245 1 _aInsetos - pragas da soja e seu combate [Glycine max; Inseticida; Rio Grande do Sul; Brasil]
246 1 _a[Insects - soybean pests and their control [Glycine max; Insecticide; Rio Grande do Sul; Brazil]]
260 3 _aPelotas, RS (Brasil):
_c1980.
300 _a36 p.
490 _aCircular Tecnica - Unidade de Execucao de Pesquisa de Ambito Estadual de Pelotas (Brazil)
_vno. 8
_x
650 _aPraga de planta
650 _aSoja
650 _aInseto
650 _aBiologia
650 _aControle quimico
909 _a202312
_bLúcia Elande
_c55
_dLúcia Elande
942 _2AGRIS
_n0
_cMS
999 _c271913
_d271913